The founding of American civilization : (Record no. 28534)
[ view plain ]
| 000 -LEADER | |
|---|---|
| fixed length control field | 00858cam a22002651 4500 |
| 001 - CONTROL NUMBER | |
| control field | 28534 |
| 003 - CONTROL NUMBER IDENTIFIER | |
| rucl marc code | BD-RjUL |
| 005 - DATE AND TIME OF LATEST TRANSACTION | |
| control field | 20211209051309.0 |
| 008 - FIXED-LENGTH DATA ELEMENTS--GENERAL INFORMATION | |
| fixed length control field | 140331t19631938nyua b 001 0 eng d |
| 035 ## - SYSTEM CONTROL NUMBER | |
| System control number | (BD-RjUL)28615 |
| 040 ## - CATALOGING SOURCE | |
| Original cataloging agency | DLC |
| Transcribing agency | OYesA |
| Modifying agency | OCoLC |
| -- | DLC |
| -- | BD-RjUL |
| Language of cataloging | eng |
| 041 ## - LANGUAGE CODE | |
| Language code of text/sound track or separate title | eng |
| 082 04 - DEWEY DECIMAL CLASSIFICATION NUMBER | |
| Classification number | 917.4 |
| Author mark and year | WEF 1963 |
| 100 1# - MAIN ENTRY--PERSONAL NAME | |
| Personal name | Wertenbaker, Thomas Jefferson, |
| Dates associated with a name | 1879-1966. |
| 9 (RLIN) | 87406 |
| 245 14 - TITLE STATEMENT | |
| Title | The founding of American civilization : |
| Remainder of title | the Middle Colonies / |
| Statement of responsibility, etc. | by Thomas Jefferson Wertenbaker |
| 260 ## - PUBLICATION, DISTRIBUTION, ETC. (IMPRINT) | |
| Place of publication, distribution, etc. | New York : |
| Name of publisher, distributor, etc. | Cooper Square Publishers, |
| Date of publication, distribution, etc. | 1963 [c1938] |
| 300 ## - PHYSICAL DESCRIPTION | |
| Pagination | xiii, 364 p. : |
| Illustrations | illus. ; |
| Size | 24 cm. |
| 500 ## - GENERAL NOTE | |
| General note | Include index |
| 504 ## - BIBLIOGRAPHY, ETC. NOTE | |
| Bibliography, etc | Bibliographical footnotes. |
| 651 #0 - SUBJECT ADDED ENTRY--GEOGRAPHIC NAME | |
| Geographic name | Middle Atlantic States |
| General subdivision | Civilization. |
| 9 (RLIN) | 87407 |
| 942 ## - ADDED ENTRY ELEMENTS (KOHA) | |
| Source of classification or shelving scheme | Dewey Decimal Classification |
| Koha item type | Books |
| Lost status | Source of classification or shelving scheme | Damaged status | Not for loan | Collection code | Permanent Location | Current Location | Shelving location | Date acquired | Source of acquisition | Cost, normal purchase price | Total Checkouts | Full call number | Date last seen | Copy number | Koha item type |
|---|---|---|---|---|---|---|---|---|---|---|---|---|---|---|---|
| Dewey Decimal Classification | Added to bundle | Non-fiction | Central Library, University of Rajshahi | Central Library, University of Rajshahi | Reading Room | 16/07/1964 | Zeitlinger | 60.00 | 917.4 WEF 1963 | 31/03/2014 | C-1 | Books |